LIBRARY & INFORMATION CENTRE, KCAET, TAVANUR

ONLINE PUBLIC ACCESS CATALOGUE (OPAC)

Principles of crop improvement / (Record no. 15)

MARC details
000 -LEADER
fixed length control field 00628cam a2200241ua 4500
020 ## - INTERNATIONAL STANDARD BOOK NUMBER
ISBN 0-582-407028
041 ## - LANGUAGE CODE
Language code of text/sound track or separate title eng
082 ## - DEWEY DECIMAL CLASSIFICATION NUMBER
Classification number 633.0853
Item number SIM/PR
100 ## - MAIN ENTRY--AUTHOR NAME
Personal name Simmonds, N W .
245 ## - TITLE STATEMENT
Title Principles of crop improvement /
260 ## - PUBLICATION, DISTRIBUTION, ETC. (IMPRINT)
Place of publication London :
Name of publisher Longman Group Limited ,
Year of publication 1979.
300 ## - PHYSICAL DESCRIPTION
Number of Pages 408 ; .
650 ## - SUBJECT ADDED ENTRY--TOPICAL TERM
Topical Term Evolution of crops
650 ## - SUBJECT ADDED ENTRY--TOPICAL TERM
Topical Term Geuetic aspects
650 ## - SUBJECT ADDED ENTRY--TOPICAL TERM
Topical Term Plant breeding
650 ## - SUBJECT ADDED ENTRY--TOPICAL TERM
Topical Term Population and selection
942 ## - ADDED ENTRY ELEMENTS (KOHA)
Koha item type Books
003 - CONTROL NUMBER IDENTIFIER
control field @
003 - CONTROL NUMBER IDENTIFIER
control field OSt
Holdings
Withdrawn status Lost status Damaged status Home library Current library Date acquired Full call number Accession Number Koha item type
      KAUAET KAUAET 27/03/1987 633.0853 16191 Books
free website counter